Formule 1 - Quiz écurie : Red Bull - Statistiques

Statistiques générales
  • Ce quiz a été pris 204 fois
    50 depuis la dernière actualisation
  • Le résultat moyen est 38 sur 47
Statistiques - réponses
Hint Réponse % Correct
Champion du monde pilote 5e titre (pilote) Max Verstappen
100%
Champion du monde pilote 6e titre (pilote) Max Verstappen
100%
Champion du monde pilote 7e titre (pilote) Max Verstappen
100%
Champion du monde pilote 8e titre (pilote) Max Verstappen
100%
Tous les pilotes Depuis 2016 Max Verstappen
100%
Champion du monde pilote Nombre de titres 8
98%
Champion du monde constructeur 1er titre (année) 2010
95%
Champion du monde pilote 1er titre (année) 2010
95%
Champion du monde constructeur 2e titre (année) 2011
95%
Champion du monde pilote 2e titre (année) 2011
95%
Champion du monde constructeur 3e titre (année) 2012
95%
Champion du monde pilote 3e titre (année) 2012
95%
Champion du monde constructeur 4e titre (année) 2013
95%
Champion du monde pilote 4e titre (année) 2013
95%
Champion du monde constructeur 5e titre (année) 2022
95%
Champion du monde pilote 6e titre (année) 2022
95%
Champion du monde constructeur 6e titre (année) 2023
95%
Champion du monde pilote 7e titre (année) 2023
95%
Histoire Couleur Bleu foncé
95%
Champion du monde pilote 1er titre (pilote) Sebastian Vettel
95%
Champion du monde pilote 2e titre (pilote) Sebastian Vettel
95%
Champion du monde pilote 3e titre (pilote) Sebastian Vettel
95%
Champion du monde pilote 4e titre (pilote) Sebastian Vettel
95%
Tous les pilotes 2009 - 2014 Sebastian Vettel
95%
Tous les pilotes 2021 - 2024 Sergio Pérez
95%
Champion du monde pilote 5e titre (année) 2021
93%
Tous les pilotes Depuis 2026 Isack Hadjar
93%
Histoire Pays d'origine Royaume-Uni / Autriche
93%
Tous les pilotes 2025 Yuki Tsunoda
93%
Champion du monde pilote 8e titre (année) 2024
90%
Champion du monde constructeur Nombre de titres 6
90%
Tous les pilotes 2019 Pierre Gasly
90%
Tous les pilotes 2025 Liam Lawson
88%
Tous les pilotes 2019 - 2020 Alexander Albon
85%
Histoire Date de fondation 2005
80%
Histoire Première année de F1 2005
80%
Tous les pilotes 2014 - 2018 Daniel Ricciardo
80%
Tous les pilotes 2007 - 2013 Mark Webber
75%
Tous les pilotes 2015 - 2016 Daniil Kvyat
63%
Histoire Directeur Laurent Mekies
60%
Tous les pilotes 2005 - 2008 David Coulthard
45%
Histoire Fondateur Dietrich Mateschitz
30%
Tous les pilotes 2005 - 2006 Christian Klien
23%
Tous les pilotes 2006 Robert Doornbos
23%
Tous les pilotes 2005 Vitantonio Liuzzi
20%
Histoire Président Oliver Mintzlaff
8%
Histoire Nom Complet (aujourd'hui) Red Bull Racing Limited
8%
Aucun quiz correspondant
Distribution des résultats
% des personnes avec chaque résultat
Percentile par nombre de réponses
Votre historique - résultats
Vous n’avez pas pris ce quiz depuis la dernière actualisation